00601nam a2200217Ia 4500008004100000020001800041050001400059100001900073245003000092245002200122260001500144260001600159260000900175300001600184300002000200300001000220300001900230500000800249999001900257952010700276170918s9999 xx 000 0 und d a9780545484923 bM482 2013 aMeadows, Daisy aLindsay the luck fairy / cby Daisy Meadows. aNew York : bScholastic, c2013 a169 pages : billustrations ; c19cm. eRainbow magic. a550 c344368d344368 001040aSSISMbSSISMd2017-09-18l0oGS FIC M482 2013pSSISM3440r2017-09-18 00:00:00w2017-09-18yBK